Statistiken für Dutch Darts Masters

Klicken Sie hier um das Quiz zu spielen!

Allgemein

  • Dieses Quiz wurde 128 mal gespielt
  • Das Durchschnittsergebnis liegt bei 7 aus 8

Antwortstatistiken

JahrNationalitätSieger% Korrekt
2014NiederlandeMichael van Gerwen
99%
2015NiederlandeMichael van Gerwen
99%
2016NiederlandeMichael van Gerwen
99%
2017NiederlandeMichael van Gerwen
99%
2018NiederlandeMichael van Gerwen
99%
2012AustralienSimon Whitlock
92%
2013BelgienKim Huybrechts
86%
2019EnglandIan White
48%

Verteilung der Resultate

Perzentil nach korrekt beantworteten Fragen

Anzahl Personen mit jedem Resultat

Ihre Resultats-Entwicklung

Sie haben dieses Quiz noch nicht gespielt